000 00278nam a22001337a 4500
003 SGT
082 _a618.92
_bP16S
100 _aSRIVASTAVA, R.N.
245 _aPEDIATRIC NEPHROLOGY
250 _a6TH
260 _aINDIA
_bJAYPEE
_c2016
300 _a600
942 _2ddc
_cBK
_01
999 _c14929
_d14929